• 首页
  • 本馆介绍
  • 公告通知
  • 最新文献
  • 馆藏检索
  • 电子资源
  • 读者荐购
  • 参考咨询
  • CALIS
  • 我的图书馆
  • 登录
  • 详细信息显示
  • 放入我的书架
  • 预约/预借图书
  • 作者相关作品
  • 分类相关作品
  • 丛书相关作品
  • 出版社相关作品

书目信息

  • 表格格式
  • 工作单格式
  • 卡片格式
题名:
旧话
    
 
作者: 李伏伽 著
分册:  
出版信息: 成都   四川人民出版社  2022.01
页数: 258页
开本: 21cm
丛书名:
单 册:
中图分类: I251
科图分类:
主题词: 回忆录--hui yi lu--作品集--中国--现代
电子资源:
ISBN: 978-7-220-12580-5
 
 
 
 
 
000 00900nam0 2200229 450
001 011025152816
005 20221025152816.0
010    @a978-7-220-12580-5@dCNY62.00
100    @a20201004d2022 em y0chiy0120 ea
101 0  @achi
102    @aCN@b510000
105    @ay z 000zy
106    @ar
200 1  @a旧话@Ajiu hua@f李伏伽著
210    @a成都@c四川人民出版社@d2022.01
215    @a258页@d21cm
300    @a往事与随想/谭徐锋主编
330    @a本书分为上下两个部分,上部从出生写到小学毕业,是在马边的生活。下部是写走出马边之后的遭遇,如在各个报刊的记者生涯,在马边所创办的有史以来的第一所中学担任第二任校长。阅读此书,不仅可以深刻感受到当时的四川民间的风貌人情,同时也会为作者当时为国奔走,怀揣革命热情的个人历程感到深深的触动。
606 0  @a回忆录@Ahui yi lu@x作品集@y中国@z现代
690    @aI251@v5
701  0 @a李伏伽@Ali fu ga@f(1908-2004)@4著
905    @a河南城建学院图书馆@dI251@eL152
    
    旧话/李伏伽著.-成都:四川人民出版社,2022.01
    258页;21cm
    往事与随想/谭徐锋主编
    
    ISBN 978-7-220-12580-5:CNY62.00
    本书分为上下两个部分,上部从出生写到小学毕业,是在马边的生活。下部是写走出马边之后的遭遇,如在各个报刊的记者生涯,在马边所创办的有史以来的第一所中学担任第二任校长。阅读此书,不仅可以深刻感受到当时的四川民间的风貌人情,同时也会为作者当时为国奔走,怀揣革命热情的个人历程感到深深的触动。
●
相关链接 在E读中查询图书 在当当中查询图书 在豆瓣中查询图书


正题名:旧话     索取号:I251/L152         预约/预借

序号 登录号 条形码 馆藏地/架位号 状态 备注
1 1585861   215858613   文学库108/108文学库 66排8列5层/ [索取号:I251/L152] 在馆    
2 1585862   215858622   文学库108/108文学库 66排8列5层/ [索取号:I251/L152] 在馆    
河南城建学院图书馆 欢迎您!
大连网信软件有限公司© 版权所有